000 01019nam a2200265Ia 4500
003 OSt
005 20221005111252.0
006 a|||||r|||| 00| 0
007 ta
008 221004b |||||||| |||| 00| 0 hin d
020 _a8181435834 (hbk)
_c250
024 _a23223
037 _b218, 24/11/2015, Eastern Book Linkers
_cTextual
040 _aCRL
_cCRL
_bhin
041 _2hin
_ahin
082 _aO152,6N24x, P7
100 _aशर्मा, निर्मला
245 0 _aनिबन्धों की दुनिया विजयदेवनारायण साही
246 _aNibandhoan kī duniyā vijayadevanārāyaṇ sāhī
260 _aनई दिल्ली
_bवाणी प्रकाशन भारत
_c2007
300 _a176पृ0
_ccm.
650 _aहिन्दी साहित्य
942 _hO152,6N24x, P7
_cTEXL
_2cc
999 _c1021316
_d1021316